Größte hessische Stadien - Statistiken

Allgemein
  • Dieses Quiz wurde 12 mal gespielt
  • Das Durchschnittsergebnis liegt bei 4 aus 9
Antwortstatistiken
Verein Kapazität Stadioname % Korrekt
Eintracht Frankfurt 59,500 DeutscheBank-Park
100%
Hessen Kassel 18,737 Auestadion
73%
Wehen Wiesbaden 12,100 BRITA-Arena
64%
SV Darmstadt 98 17,810 Merck-Stadion am Böllenfalltor
64%
FSV Frankfurt 12,542 PSD Bank-Arena
55%
Kickers Offenbach 20,500 Stadion am Biebererberg
45%
SV Wiesbaden 12,000 Helmut-Schön-Sportpark
18%
Hanauer SC 1960 16,000 Herbert-Dröse-Stadion
9%
SG Barockstadt Fulda-Lehnerz 12,500 Sportpark Johannisau
9%
Keine übereinstimmenden Quizze gefunden
Verteilung der Resultate
Anzahl Personen mit jedem Resultat
Perzentil nach korrekt beantworteten Fragen
Ihre Resultats-Entwicklung
Sie haben dieses Quiz noch nicht gespielt